Detalles MARC
| 000 -LEADER |
| fixed length control field |
02225cam a2200313 i 4500 |
| 001 - CONTROL NUMBER |
| control field |
7921 |
| 003 - CONTROL NUMBER IDENTIFIER |
| control field |
Mx-PuUPA |
| 005 - DATE AND TIME OF LATEST TRANSACTION |
| control field |
20240410103444.0 |
| 008 - FIXED-LENGTH DATA ELEMENTS--GENERAL INFORMATION |
| fixed length control field |
140415s1992 mx a r 000 0 spa d |
| 020 ## - INTERNATIONAL STANDARD BOOK NUMBER |
| International Standard Book Number |
9684380445 (edición completa) |
| 040 ## - CATALOGING SOURCE |
| Original cataloging agency |
MX-PuUPA |
| Language of cataloging |
spa |
| Description conventions |
rda |
| Transcribing agency |
Mx-PuUPA |
| Modifying agency |
Mx-PuUPA |
| 041 1# - LANGUAGE CODE |
| Language code of text/sound track or separate title |
spa |
| Language code of original |
ita |
| 130 1# - MAIN ENTRY--UNIFORM TITLE |
| Uniform title |
Enciclopedia illustrada di animali. |
| Language of a work |
Español |
| 245 13 - TITLE STATEMENT |
| Title |
El mundo animal / |
| Statement of responsibility, etc. |
coordinador general Fernando Calisalvo Durán ; coordinador de fotografía Javier Aróstegui Oñativia ; coordinador de textos María Alicia Esteban María [y otros tres]. |
| 264 #1 - PRODUCTION, PUBLICATION, DISTRIBUTION, MANUFACTURE, AND COPYRIGHT NOTICE |
| Place of production, publication, distribution, manufacture |
México, D.F. : |
| Name of producer, publisher, distributor, manufacturer |
Unión Tipográfica Editorial Hispano-Americana, |
| Date of production, publication, distribution, manufacture, or copyright notice |
1992 |
| 300 ## - PHYSICAL DESCRIPTION |
| Extent |
12 volúmenes (paginación varía) : |
| Other physical details |
ilustraciones ; |
| Dimensions |
30 cm. |
| 336 ## - CONTENT TYPE |
| Content type term |
texto |
| Fuente |
rdacontent |
| Content type code |
txt |
| 337 ## - MEDIA TYPE |
| Media type term |
sin medio |
| Source |
rdamedia |
| Media type code |
n |
| 338 ## - CARRIER TYPE |
| Carrier type term |
volumen |
| Source |
rdacarrier |
| Carrier type code |
nc |
| 505 0# - FORMATTED CONTENTS NOTE |
| Miscellaneous information |
v.1. |
| Title |
La célula ; los seres vivos ; relación hombre-animal ; zoología, cronología de la investigación -- |
| Miscellaneous information |
v.2. |
| Title |
Abada - ardilla ; monstruos y gigantes ; clasificación de los animales -- |
| Miscellaneous information |
v.3. |
| Title |
Regiones naturales de la tierra -- |
| Miscellaneous information |
v.4. |
| Title |
Caballito de mar - coral ; los mesozoos -- |
| Miscellaneous information |
v.5. |
| Title |
Coríxidos - estrombo ; los nemertinos ; regiones naturales ; bosques de clima templado ; bosques tropicales -- |
| Miscellaneous information |
v.6. |
| Title |
Esturión - gusado ; los seudocelomados -- |
| 505 0# - FORMATTED CONTENTS NOTE |
| Miscellaneous information |
v.7. |
| Title |
Halcón - licosa ; los nematodos ; las praderas ; los anélidos ; los equiúridos ; los sipuncúlidos -- |
| Miscellaneous information |
v.8. |
| Title |
Libre - morsa ; los moluscos ; el desierto ; los crustáceos ; los insectos ; anfibios y batracios -- |
| Miscellaneous information |
v.9. |
| Title |
Mosca - pájaro bobo ; las montañas ; reptiles -- |
| Miscellaneous information |
v.10. |
| Title |
Pájaro bubia - pez vela ; las islas ; las aves -- |
| Miscellaneous information |
v.11. |
| Title |
Pez volador - sapo ; los ríos y los lagos ; los mamíferos -- |
| Miscellaneous information |
v.12. |
| Title |
Sardina - zorro ; los mares y océanos ; los peces ; índice. |
| 650 #4 - SUBJECT ADDED ENTRY--TOPICAL TERM |
| Topical term or geographic name entry element |
Zoología |
| General subdivision |
Enciclopedias |
| 700 1# - ADDED ENTRY--PERSONAL NAME |
| Personal name |
Calisalvo Durán, Fernando, |
| Relator term |
coordinador |
| 700 1# - ADDED ENTRY--PERSONAL NAME |
| Personal name |
Aróstegui Oñativia, Javier, |
| Relator term |
coordinador |
| -- |
fotógrafo |
| 700 1# - ADDED ENTRY--PERSONAL NAME |
| Personal name |
Esteban María. María Alicia, |
| Relator term |
coordinador |
| -- |
textos |
| 765 08 - ORIGINAL LANGUAGE ENTRY |
| Main entry heading |
Calisalvo Durán, Fernando. |
| Title |
Enciclopedia illustrada di animali. |
| 942 ## - ADDED ENTRY ELEMENTS (KOHA) |
| Source of classification or shelving scheme |
Dewey Decimal Classification |
| Koha item type |
Libro |
| Classification part |
591.6 |
| Item part |
M963 |